Site planning standards (Record no. 76523)

MARC details
000 -LEADER
fixed length control field 00722nam a2200157 a 4500
008 - FIXED-LENGTH DATA ELEMENTS--GENERAL INFORMATION
fixed length control field 120416s1978 ||||||||||||||||| || u
050 ## - LIBRARY OF CONGRESS CALL NUMBER
Classification number NA 2540 Dec
100 ## - MAIN ENTRY--PERSONAL NAME
Personal name De Chiara, Joseph
245 10 - TITLE STATEMENT
Title Site planning standards
260 ## - PUBLICATION, DISTRIBUTION, ETC.
Place of publication, distribution, etc. New York
Name of publisher, distributor, etc. McGraw-Hill
Date of publication, distribution, etc. 1978
300 ## - PHYSICAL DESCRIPTION
Extent ix, 351p. : ill.
350 ## -
-- 0.00
995 ## -
-- REFERENCE BOOKS
-- 0.00
-- 716515
-- CBU-MAIN LIBRARY (Kitwe)
-- 3
-- 0.00
-- NA 2540 Dec
-- 3
-- REFERENCE
-- 022873
-- Reference Collection
995 ## -
-- REFERENCE BOOKS
-- 0.00
-- 704581
-- CBU-MAIN LIBRARY (Kitwe)
-- 1
-- 0.00
-- NA 2540 Dec
-- 1
-- REFERENCE
-- 022871
-- Reference Collection
995 ## -
-- REFERENCE BOOKS
-- 0.00
-- 704580
-- CBU-MAIN LIBRARY (Kitwe)
-- 2
-- 0.00
-- NA 2540 Dec
-- 2
-- REFERENCE
-- 022872
-- Reference Collection
999 ## -
-- 76523
-- 76523
Holdings
Withdrawn status Lost status Source of classification or shelving scheme Damaged status Not for loan Permanent Location Current Location Shelving location Date acquired Total Checkouts Full call number Barcode Date last seen Copy number Price effective from Koha item type
          CBU-MAIN LIBRARY, KITWE. CBU-MAIN LIBRARY, KITWE.   04/25/2023   NA 2540 Dec 022873 04/25/2023 1 04/25/2023 REFERENCE COLLECTION
          CBU-MAIN LIBRARY, KITWE. CBU-MAIN LIBRARY, KITWE.   04/25/2023   NA 2540 Dec 022871 04/25/2023 2 04/25/2023 REFERENCE COLLECTION
          CBU-MAIN LIBRARY, KITWE. CBU-MAIN LIBRARY, KITWE.   04/25/2023   NA 2540 Dec 022872 04/25/2023 3 04/25/2023 REFERENCE COLLECTION